Velká kniha pohádek /
Výběr nejznámějších evropských pohádek převyprávěných pro předčítání i samostatné čtení v doprovodu působivých barevných ilustrací.
Uloženo v:
| Další autoři: | , |
|---|---|
| Médium: | Kniha |
| Jazyk: | Czech |
| Vydáno: |
Praha :
Vašut,
2021
|
| Vydání: | České vydání první |
| Témata: | |
| Celkem bylo vypůjčeno: | 0x |
| Tagy: |
Žádné tagy |
| LEADER | 02119nam a2200433 i 4500 | ||
|---|---|---|---|
| 001 | 106433 | ||
| 003 | CZ PrNK | ||
| 005 | 20260602081533.0 | ||
| 007 | ta | ||
| 008 | 211109s2021 xr a b 000 j cze | ||
| 015 | |a cnb003370517 | ||
| 020 | |a 9788075413031 |q (vázáno) | ||
| 040 | |a ABG001 |b cze |d BOA001 |e rda | ||
| 041 | 1 | |a cze |h ger | |
| 072 | 7 | |a 821-93 |x Literatura pro děti a mládež (beletrie) |2 Konspekt |9 26 | |
| 080 | |a 821-34 |2 MRF | ||
| 080 | |a 821-93 |2 MRF | ||
| 080 | |a (0:82-34) |2 MRF | ||
| 130 | 0 | |a Mein Buch der schönsten Märchen. |l Česky | |
| 245 | 1 | 0 | |a Velká kniha pohádek / |c ilustrovala Verena Körting ; překlad Alice Kavinová |
| 250 | |a České vydání první | ||
| 264 | 1 | |a Praha : |b Vašut, |c 2021 | |
| 300 | |a 204 stran : |b barevné ilustrace ; |c 28 cm | ||
| 336 | |a text |b txt |2 rdacontent | ||
| 337 | |a bez média |b n |2 rdamedia | ||
| 338 | |a svazek |b nc |2 rdacarrier | ||
| 500 | |a Přeloženo z němčiny | ||
| 505 | 0 | 0 | |t O Popelce -- |t O žabím králi -- |t Paní Zima -- |t Rampelník -- |t O Sněhurce -- |t O Šípkové Růžence -- |t O Jeníčkovi a Mařence -- |t O Červené Karkulce -- |t O vlku a sedmi kůzlátkách -- |t O udatném krejčíkovi -- |t Bělinka a Růženka -- |t Sedmero krkavců -- |t Brémští muzikanti -- |t Hvězdné tolary -- |t Zajíc a ježek -- |t Honzovo štěstí -- |t O Palečkovi -- |t Král Drozdí brada -- |t Kocour v botách -- |t Holota -- |t Locika -- |t Bratříček a sestřička -- |t Stolečku, prostři se! |
| 520 | 2 | |a Výběr nejznámějších evropských pohádek převyprávěných pro předčítání i samostatné čtení v doprovodu působivých barevných ilustrací. | |
| 655 | 7 | |a pohádky |7 fd133054 |2 czenas |9 181 | |
| 655 | 7 | |a publikace pro děti |7 fd133156 |2 czenas |9 23 | |
| 655 | 9 | |a fairy tales |2 eczenas | |
| 655 | 9 | |a children's literature |2 eczenas | |
| 700 | 1 | |a Körting, Verena |7 ola2013748252 |4 ill |9 22413 | |
| 700 | 1 | |a Kavinová, Alice |7 xx0041141 |4 trl |9 19656 | |
| 910 | |a UOG502 | ||
| 942 | |2 ddc |c KN | ||
| 999 | |d 106433 | ||
| 993 | |0 0 |1 421180107147 |2 ddc |4 0 |6 M |7 0 |9 99854 |b 0 |c 107147 |d 2026-06-02 |e 0 |f M |g M |h 399.00 |i Koupě |l M |r 2026-06-02 |t 8 |w 2026-06-02 |y KN |z BELET |n | ||